LIBRARY & INFORMATION CENTRE, KCAET, TAVANUR

ONLINE PUBLIC ACCESS CATALOGUE (OPAC)

Animal Nutrition / (Record no. 9918)

MARC details
000 -LEADER
fixed length control field 00296cam a2200121ua 4500
082 ## - DEWEY DECIMAL CLASSIFICATION NUMBER
Classification number 636.085
Item number BEN/AN
100 ## - MAIN ENTRY--AUTHOR NAME
Personal name Banerjee, G. C .
245 ## - TITLE STATEMENT
Title Animal Nutrition /
250 ## - EDITION STATEMENT
Edition statement 1 /
260 ## - PUBLICATION, DISTRIBUTION, ETC. (IMPRINT)
Place of publication Calcutta :
Name of publisher Oxford & IBH Publishing Company ,
Year of publication 1978.
300 ## - PHYSICAL DESCRIPTION
Number of Pages 576 ; .
942 ## - ADDED ENTRY ELEMENTS (KOHA)
Koha item type Books
Holdings
Withdrawn status Lost status Damaged status Home library Current library Date acquired Full call number Accession Number Koha item type
      KAUAET KAUAET 02/09/1986 636.085 15626 Books
      KAUAET KAUAET 07/04/2012 636.085 14051 Books
free website counter